MARC

LEADER 00000nam0a2200000 4500
001 125978
005 20231031131703.0
035 |a (RuTPU)RU\TPU\book\136299 
090 |a 125978 
100 |a 20071122d1974 km y0rusy50 ca 
101 1 |a rus  |c fre 
102 |a RU 
105 |a y z 001zy 
200 1 |a Ведение в современную алгебру и анализ  |e пер. с фр.  |f М. Заманский 
210 |a Москва  |c Наука  |d 1974 
215 |a 487с. 
320 |a Предметный указатель: с. 484-487. 
610 1 |a алгебра 
610 1 |a множества 
610 1 |a функции 
610 1 |a эквивалентность 
610 1 |a порядок 
610 1 |a отображения 
610 1 |a алгебраические законы 
610 1 |a законы композиции 
610 1 |a группы 
610 1 |a кольца 
610 1 |a тела 
610 1 |a симметризация 
610 1 |a векторные пространства 
610 1 |a линейная алгебра 
610 1 |a линейные отображения 
610 1 |a линейные формы 
610 1 |a матрицы 
610 1 |a полилинейная алгебра 
610 1 |a билинейные отображения 
610 1 |a определители 
610 1 |a топология 
610 1 |a топологические пространства 
610 1 |a пределы 
610 1 |a сходимость 
610 1 |a непрерывность 
610 1 |a действительные числа 
610 1 |a рациональные числа 
610 1 |a числовые функции 
610 1 |a метрические пространства 
610 1 |a банаховы пространства 
610 1 |a гильбертовы пространства 
610 1 |a ступенчатые функции 
610 1 |a интегрирование 
610 1 |a теорема Лебега 
675 |a 512  |v 3 
675 |a 517  |v 3 
700 1 |a Заманский  |b М.  |g Марк 
801 1 |a RU  |b 63413507  |c 20071122  |g PSBO 
801 2 |a RU  |b 63413507  |c 20140325  |g PSBO 
942 |c BK